Understanding the self / (Record no. 22367)
[ view plain ]
| 000 -LEADER | |
|---|---|
| fixed length control field | 00822nam a22002177a 4500 |
| 005 - DATE AND TIME OF LATEST TRANSACTION | |
| control field | 20241017112005.0 |
| 008 - FIXED-LENGTH DATA ELEMENTS--GENERAL INFORMATION | |
| fixed length control field | 241009b |||||||| |||| 00| 0 eng d |
| 020 ## - INTERNATIONAL STANDARD BOOK NUMBER | |
| International Standard Book Number | 9789719820017 |
| 082 ## - DEWEY DECIMAL CLASSIFICATION NUMBER | |
| Classification number | DFIL 155.2 M119 2022 |
| 100 ## - MAIN ENTRY--PERSONAL NAME | |
| Personal name | Macayan, Jonathan Veran. |
| 9 (RLIN) | 40819 |
| 245 ## - TITLE STATEMENT | |
| Title | Understanding the self / |
| Statement of responsibility, etc. | Jonathan Veran Macayan, Jasmine Nadja Junghan-Pinugu, and John Christopher Dimasaka Castillo. |
| 250 ## - EDITION STATEMENT | |
| Edition statement | Second edition. |
| 260 ## - PUBLICATION, DISTRIBUTION, ETC. (IMPRINT) | |
| Place of publication, distribution, etc. | Quezon City : |
| Name of publisher, distributor, etc. | C&E Publishing, Inc., |
| Date of publication, distribution, etc. | ©2022. |
| 300 ## - PHYSICAL DESCRIPTION | |
| Extent | ix, 325 pages : |
| Other physical details | illustrations ; |
| Dimensions | 22 cm. |
| 500 ## - GENERAL NOTE | |
| General note | Includes bibliography and index. |
| 650 #0 - SUBJECT ADDED ENTRY--TOPICAL TERM | |
| Topical term or geographic name as entry element | Personality. |
| 9 (RLIN) | 63123 |
| 650 #0 - SUBJECT ADDED ENTRY--TOPICAL TERM | |
| Topical term or geographic name as entry element | Self-perception. |
| 9 (RLIN) | 33056 |
| 700 ## - ADDED ENTRY--PERSONAL NAME | |
| Personal name | Pinugu, Jasmine Nadja Junghan. |
| Relator term | author. |
| 9 (RLIN) | 40823 |
| 700 ## - ADDED ENTRY--PERSONAL NAME | |
| Personal name | Castillo, John Christopher Dimasaka. |
| Relator term | author. |
| 9 (RLIN) | 40824 |
| 942 ## - ADDED ENTRY ELEMENTS (KOHA) | |
| Source of classification or shelving scheme | Dewey Decimal Classification |
| Koha item type | Filipiniana |
| Withdrawn status | Lost status | Source of classification or shelving scheme | Damaged status | Not for loan | Collection code | Home library | Current library | Date acquired | Source of acquisition | Cost, normal purchase price | Total Checkouts | Full call number | Barcode | Date last seen | Copy number | Price effective from | Koha item type |
|---|---|---|---|---|---|---|---|---|---|---|---|---|---|---|---|---|---|
| Dewey Decimal Classification | Filipiniana | UM Digos College - LIC | UM Digos College - LIC | 08/20/2024 | Purchased | 595.00 | DFil 155.2 M119 2022 | 28403 | 05/15/2025 | 1 | 10/09/2024 | Filipiniana | |||||
| Dewey Decimal Classification | Filipiniana | UM Digos College - LIC | UM Digos College - LIC | 08/20/2024 | Purchased | 595.00 | DFil 155.2 M119 2022 | 28404 | 05/15/2025 | 2 | 10/09/2024 | Filipiniana | |||||
| Dewey Decimal Classification | Filipiniana | UM Digos College - LIC | UM Digos College - LIC | 08/11/2025 | Purchased | 495.00 | DFil 155.2 M119 2022 | 29058 | 10/15/2025 | 3 | 10/15/2025 | Filipiniana |
